000 00589nam a2200217 u 4500
005 20230527063632.0
008 121016s2008 r 000 0 eng d
035 _aUPN01000187569
049 _aI
050 4 _aBF637 C5
_bCH3.4
100 1 _aCharabati Nehmad, Esther
_933571
245 1 3 _aLa ley de la selva /
_cEsther Charabati.
260 _aMéxico :
_bFelou,
_cc2008.
300 _a[18] p. :
_bil. col.
440 0 _aMaqueta
650 4 _aConducta de vida
_94416
650 2 _aConvivencia
_99111
650 4 _aValores sociales
_94177
905 _aInfantil
999 _c159672
_d159672